| 000 | 00975nam a2200253 a 4500 | ||
|---|---|---|---|
| 001 | BRCA_992 | ||
| 005 | 20190320203233.0 | ||
| 008 | 991202s1998 sp-a---###---#000-0#mul-d | ||
| 020 | _a8448219228 | ||
| 040 |
_aPL# _bspa _cPL# |
||
| 041 | _aspaeng | ||
| 050 | 4 |
_aNB813.T6 _b.T65 1998 |
|
| 100 | 1 |
_aTolsá, Manuel _d1757-1816 _93272 |
|
| 245 | 1 | 0 |
_aManuel Tolsá _bnostalgia de lo ´antiguo´ y arte ilustrado : México-Valencia _cManuel Tolsá. |
| 260 |
_a[Valencia] _bGeneralitat Valenciana _c1998 |
||
| 300 |
_axv, 430 p. _bil. (algunas a color) _c28 cm. |
||
| 500 | _aCatálogo de la exposición realizada en el Palacio de Minería (Ciudad de México), 13 octubre - 28 noviembre, 1998 | ||
| 500 | _aIncluye apéndice de documentos | ||
| 546 | _aTexto en español e inglés | ||
| 600 | 1 | 4 |
_aTolsá, Manuel _d1757-1816 _vExposiciones _93273 |
| 650 | 1 | 4 |
_aArquitectura _vExposiciones _ySiglo XVIII _93274 |
| 650 | 1 | 4 |
_aEscultura _vExposiciones _ySiglo XVIII _93275 |
| 942 |
_2lcc _cB |
||
| 999 |
_c876 _d876 |
||